Národný umelec Ján Mudroch

Bibliographic Details
Main Authors: J.R (Author), Radolský, J. (Author)
Format: Article
Language:Slovak
PhysicalDescription:Obr. 1.
Subjects:

MARC

LEADER 00000nab a2200000 a 4500
001 vtls000024596
003 SK-MaSNL
005 20260303031048.0
008 111103c1979 xo 0 slo
015 |a SNBRB19rr/mm-uuuuu 
035 |a CL0034690 
040 |a SNKBUCL  |b slo  |c SNKBUCL  |e AACR2 
041 0 |a slo 
044 |a xo  |c SK 
080 |a 75  |2 1981 
080 |a 92 Mudroch, Ján  |2 1981 
100 1 |a J.R.  |4 aut  |9 950292 
245 1 0 |a Národný umelec Ján Mudroch  |c J. R. ; J. Radolský 
300 |b Obr. 1. 
600 1 7 |a Mudroch, Ján,  |d 1909-1968  |2 snkbucl  |9 118104 
655 7 |a články z novín a časopisov  |2 snkbucl  |9 267496 
700 1 |a Radolský, J.  |4 aut  |9 1012920 
773 0 |t Hlas ľudu  |g Roč. 25, č. 75 (29. 3. 1979), s. 3 
850 |a Slovenská národná knižnica v Martine  |a MTA001 
852 |a SNK  |b KIS3GCP 
958 |a RK 
992 |a RBX 
999 |c 1655721  |d 1657651